| 000 | 00819cam a2200253 4500 | ||
|---|---|---|---|
| 008 | 010821n2001 000 0 eng u | ||
| 020 | _a0860175669 | ||
| 035 | _a(Sirsi) u114207 | ||
| 050 | _a658.562 | ||
| 100 | _aHorner, M. | ||
| 245 | _aMore for less: a contractor's guide to improving productivity in construction | ||
| 260 |
_aLondon _bCIRIA _c2001 |
||
| 300 |
_a80p. _bill. _c21cm. |
||
| 350 | _a25 | ||
| 490 |
_aCIRIA Publication _vC566 |
||
| 520 | _aOutlines how contractors in the UK construction industry can achieve the 25% increase in labour productivity recorded in a series of demonstration projects. | ||
| 650 | _aCONSTRUCTION INDUSTRY | ||
| 650 | _aEGAN REFORMS | ||
| 650 | _aLABOUR | ||
| 650 | _aPRODUCTIVITY | ||
| 690 |
_aProject management _96261 |
||
| 700 | _aDuff, R. | ||
| 942 | _n0 | ||
| 999 |
_c101585 _d101585 |
||